| 000 | 00522nam a2200181Ia 4500 | ||
|---|---|---|---|
| 999 |
_c8937 _d8937 |
||
| 003 | OSt | ||
| 005 | 20201009095541.0 | ||
| 008 | 190216s9999||||xx |||||||||||||| ||und|| | ||
| 020 | _a9788126506088 | ||
| 040 | _coclc | ||
| 082 |
_a005.7585 _bGRE/P |
||
| 100 |
_aGreenwald, Rick _95497 |
||
| 245 | 0 |
_aProfessional Oracle Programming / _cRick Greenwald |
|
| 260 |
_bWiley Publishing, _aNew Delhi: _c2005. |
||
| 300 | _a767p | ||
| 650 | _aComputer | ||
| 942 |
_cBK _2ddc _h005.7585 _iGRE/P _k005.7585 _mGRE/P |
||